Chaîne de lettres Pokémon Type Normal - Statistiques

Statistiques générales
  • Ce quiz a été pris 27 fois
  • Le résultat moyen est 19 sur 32
Statistiques - réponses
Indice Réponse % Correct
Dieu Arceus
94%
Il possède 8 évolution différente Évoli
94%
Pokémon de l'infirmière Joëlle pouvant évoluer Leveinard
94%
Pokémon donnant du Lait Meumeu Écremeuh
81%
Pokémon de la 1g possèdant une grande langue Excelangue
81%
Il en existerait 4 294 967 296 forme différente Spinda
81%
Évolution finale de l'oiseau régional d'Unys Déflaisan
75%
Évolue en Farigiraf Girafarig
75%
Évolution final d'un zigzaton de Galar Ixon
69%
Bébé Pokémon de la 3g de type Normal Fée Azurill
63%
Évolution de Fouinette Fouinar
63%
En consante rivalité avec Séviper Mangriff
63%
À comme talent Morphing Métamorph
63%
Il évolue avec un bloc de tourbe pendant la pleine lune Ursaring
63%
Pré-évolution de Chaffreux Chaglam
56%
Évolution final de l'oiseau régional de Sinnoh Étouraptor
56%
Oiseau régional d'Hoenn Nirondelle
56%
Sacha en possède un chromatique Noarfang
56%
On peut le trouver dans les oliveraies à Paldea Olivini
56%
Évolution de Chuchmur Ramboum
56%
Peut changer de type grace à des CD Silvallié
56%
Son évolution peut avoir deux ou trois segments Insolourdo
50%
Pokémon de l'infirmière Joëlle à Unys Nanméouïe
50%
Pleinement évolué, il change de forme selon les saisons Haydaim
44%
Serait la forme présente de Miraidon et Koraidon Motorizard
44%
Son évolution interrompt constamment la Team Rocket dans l'arc Soleil et Lune de l'animé Nounourson
44%
Il apparait dans le tutoriel de capture d'Écarlate et Violet Gourmelet
38%
Sa forme d'alola est en rivalité avec les Argoustes Rattatac
38%
Posséde une forme régional de paldea Tauros
31%
Dans l'animé, il possède un bar dans la forêt Gouroutan
25%
Cendrie fait Méga-Évoluer son évolution Hélionceau
25%
Pokémon de Raphaël Chen dans l'animé Dodoala
13%
Aucun quiz correspondant
Distribution des résultats
% des personnes avec chaque résultat
Percentile par nombre de réponses
Votre historique - résultats
Vous n’avez pas pris ce quiz